Chiricú Journal: Latina/o Literatures, Arts, and Cultures

محفوظ في:

التنسيق: دورية

اللغة: Undetermined

منشور في: JSTOR
Indiana University Press

الموضوعات:

الوصول للمادة أونلاين: Login to view Source

الوسوم: إضافة وسم

لا توجد وسوم, كن أول من يضع وسما على هذه التسجيلة!

رقم الطلب:

LEADER 00658nas a2200217Ia 4500
008 220214c99999999xx |||||||||||| ||und||
022 |a 0277-7223 
022 |a 2472-4521 
245 0 0 |a Chiricú Journal: Latina/o Literatures, Arts, and Cultures 
264 1 |b JSTOR 
264 1 |b Indiana University Press 
362 0 |a (1976)-2 (2017) 
653 1 0 |a Arts 
653 1 0 |a Humanities 
653 1 0 |a Language & Literature 
653 1 0 |a Latin American Studies 
653 1 0 |a Performing Arts 
856 4 0 |u https://www.jstor.org/journal/chiricu 
942 |c JL 
952 |0 0  |1 0  |4 0  |7 1  |9 34532  |a JSR  |b JSR  |d 2022-02-14  |l 0  |r 2022-02-14 00:00:00  |w 2022-02-14  |y JL 
999 |c 42865  |d 42865